<?xml version="1.0" encoding="UTF-8"?>
<collection xmlns="http://www.loc.gov/MARC21/slim">
 <record>
  <leader>04726cam a2200589  a4500</leader>
  <controlfield tag="001">1091365628</controlfield>
  <controlfield tag="003">DE-627</controlfield>
  <controlfield tag="005">20241014113917.0</controlfield>
  <controlfield tag="007">tu</controlfield>
  <controlfield tag="008">900820m19909999xx ||||| m    00| ||ger c</controlfield>
  <datafield tag="015" ind1=" " ind2=" ">
   <subfield code="a">90,N31,0414</subfield>
   <subfield code="2">dnb</subfield>
  </datafield>
  <datafield tag="016" ind1="7" ind2=" ">
   <subfield code="a">551731419</subfield>
   <subfield code="2">DE-101</subfield>
  </datafield>
  <datafield tag="035" ind1=" " ind2=" ">
   <subfield code="a">(DE-627)1091365628</subfield>
  </datafield>
  <datafield tag="035" ind1=" " ind2=" ">
   <subfield code="a">(DE-576)021365628</subfield>
  </datafield>
  <datafield tag="035" ind1=" " ind2=" ">
   <subfield code="a">(DE-599)DNB551731419</subfield>
  </datafield>
  <datafield tag="040" ind1=" " ind2=" ">
   <subfield code="a">DE-627</subfield>
   <subfield code="b">ger</subfield>
   <subfield code="c">DE-627</subfield>
   <subfield code="e">rakwb</subfield>
  </datafield>
  <datafield tag="041" ind1=" " ind2=" ">
   <subfield code="a">ger</subfield>
  </datafield>
  <datafield tag="084" ind1=" " ind2=" ">
   <subfield code="a">9,11</subfield>
   <subfield code="2">ssgn</subfield>
  </datafield>
  <datafield tag="084" ind1=" " ind2=" ">
   <subfield code="a">GK 4290</subfield>
   <subfield code="2">rvk</subfield>
   <subfield code="0">(DE-625)rvk/41016:</subfield>
  </datafield>
  <datafield tag="084" ind1=" " ind2=" ">
   <subfield code="a">LH 81560</subfield>
   <subfield code="2">rvk</subfield>
   <subfield code="0">(DE-625)rvk/95164:</subfield>
  </datafield>
  <datafield tag="084" ind1=" " ind2=" ">
   <subfield code="a">GK 4211</subfield>
   <subfield code="2">rvk</subfield>
   <subfield code="0">(DE-625)rvk/41011:</subfield>
  </datafield>
  <datafield tag="084" ind1=" " ind2=" ">
   <subfield code="a">GK 4351</subfield>
   <subfield code="2">rvk</subfield>
   <subfield code="0">(DE-625)rvk/41018:</subfield>
  </datafield>
  <datafield tag="084" ind1=" " ind2=" ">
   <subfield code="a">LK 10100</subfield>
   <subfield code="2">rvk</subfield>
   <subfield code="0">(DE-625)rvk/97480:</subfield>
  </datafield>
  <datafield tag="084" ind1=" " ind2=" ">
   <subfield code="a">DP 6600</subfield>
   <subfield code="2">rvk</subfield>
   <subfield code="0">(DE-625)rvk/19862:12010</subfield>
  </datafield>
  <datafield tag="084" ind1=" " ind2=" ">
   <subfield code="a">LH 61100</subfield>
   <subfield code="2">rvk</subfield>
   <subfield code="0">(DE-625)rvk/94210:</subfield>
  </datafield>
  <datafield tag="100" ind1="1" ind2=" ">
   <subfield code="a">Lichtenstern, Christa</subfield>
   <subfield code="d">1943-</subfield>
   <subfield code="0">(DE-588)124433677</subfield>
   <subfield code="0">(DE-627)363344403</subfield>
   <subfield code="0">(DE-576)161985823</subfield>
   <subfield code="4">aut</subfield>
  </datafield>
  <datafield tag="245" ind1="1" ind2="0">
   <subfield code="a">Metamorphose in der Kunst des 19. und 20. Jahrhunderts</subfield>
   <subfield code="c">[Christa Lichtenstern]</subfield>
  </datafield>
  <datafield tag="264" ind1=" " ind2="1">
   <subfield code="a">Weinheim</subfield>
   <subfield code="b">VCH, Acta Humaniora</subfield>
   <subfield code="c">1990-</subfield>
  </datafield>
  <datafield tag="336" ind1=" " ind2=" ">
   <subfield code="a">Text</subfield>
   <subfield code="b">txt</subfield>
   <subfield code="2">rdacontent</subfield>
  </datafield>
  <datafield tag="337" ind1=" " ind2=" ">
   <subfield code="a">ohne Hilfsmittel zu benutzen</subfield>
   <subfield code="b">n</subfield>
   <subfield code="2">rdamedia</subfield>
  </datafield>
  <datafield tag="338" ind1=" " ind2=" ">
   <subfield code="a">Band</subfield>
   <subfield code="b">nc</subfield>
   <subfield code="2">rdacarrier</subfield>
  </datafield>
  <datafield tag="502" ind1=" " ind2=" ">
   <subfield code="a">Zugl.: Bonn, Univ., Habil.-Schr., 1986</subfield>
  </datafield>
  <datafield tag="655" ind1=" " ind2="7">
   <subfield code="a">Hochschulschrift</subfield>
   <subfield code="0">(DE-588)4113937-9</subfield>
   <subfield code="0">(DE-627)105825778</subfield>
   <subfield code="0">(DE-576)209480580</subfield>
   <subfield code="2">gnd-content</subfield>
  </datafield>
  <datafield tag="689" ind1="0" ind2="0">
   <subfield code="d">s</subfield>
   <subfield code="0">(DE-588)4169647-5</subfield>
   <subfield code="0">(DE-627)10540845X</subfield>
   <subfield code="0">(DE-576)20992425X</subfield>
   <subfield code="a">Metamorphose</subfield>
   <subfield code="g">Motiv</subfield>
   <subfield code="2">gnd</subfield>
  </datafield>
  <datafield tag="689" ind1="0" ind2="1">
   <subfield code="d">s</subfield>
   <subfield code="0">(DE-588)4114333-4</subfield>
   <subfield code="0">(DE-627)105822957</subfield>
   <subfield code="0">(DE-576)209483733</subfield>
   <subfield code="a">Kunst</subfield>
   <subfield code="2">gnd</subfield>
  </datafield>
  <datafield tag="689" ind1="0" ind2="2">
   <subfield code="a">z</subfield>
   <subfield code="2">gnd</subfield>
   <subfield code="a">Geschichte 1800-1980</subfield>
  </datafield>
  <datafield tag="689" ind1="0" ind2=" ">
   <subfield code="5">(DE-627)</subfield>
  </datafield>
  <datafield tag="751" ind1=" " ind2=" ">
   <subfield code="a">Bonn</subfield>
   <subfield code="0">(DE-588)4007666-0</subfield>
   <subfield code="0">(DE-627)106372270</subfield>
   <subfield code="0">(DE-576)208871632</subfield>
   <subfield code="4">uvp</subfield>
  </datafield>
  <datafield tag="787" ind1="0" ind2="8">
   <subfield code="i">Rezension</subfield>
   <subfield code="a">Wagner, Christoph, 1964 - </subfield>
   <subfield code="t">Schriften von Christoph Wagner ; 4: Das Prinzip der Verwandlung</subfield>
   <subfield code="d">Heidelberg : Universitätsbibliothek der Universität Heidelberg, 1994</subfield>
   <subfield code="h">Online-Ressource</subfield>
   <subfield code="w">(DE-627)1392949378</subfield>
   <subfield code="w">(DE-576)322949378</subfield>
  </datafield>
  <datafield tag="936" ind1="r" ind2="v">
   <subfield code="a">GK 4290</subfield>
   <subfield code="b">Wirkung auf Zeitgenossen, Umwelt und Nachwelt. Goethe-Rezeption allgemein</subfield>
   <subfield code="k">Germanistik. Niederlandistik. Skandinavistik</subfield>
   <subfield code="k">Deutsche Literatur</subfield>
   <subfield code="k">Romantik</subfield>
   <subfield code="k">Literaturgeschichte</subfield>
   <subfield code="k">Einzelne Autoren der Goethezeit</subfield>
   <subfield code="k">Autoren G</subfield>
   <subfield code="k">Goethe, Johann Wolfgang von</subfield>
   <subfield code="k">Sekundärliteratur</subfield>
   <subfield code="k">Leben und Persönlichkeit</subfield>
   <subfield code="k">Geistige Welt</subfield>
   <subfield code="k">Wirkung auf Zeitgenossen, Umwelt und Nachwelt. Goethe-Rezeption allgemein</subfield>
   <subfield code="0">(DE-627)1270894323</subfield>
   <subfield code="0">(DE-625)rvk/41016:</subfield>
   <subfield code="0">(DE-576)200894323</subfield>
  </datafield>
  <datafield tag="936" ind1="r" ind2="v">
   <subfield code="a">LH 81560</subfield>
   <subfield code="b">Einzelfragen</subfield>
   <subfield code="k">Kunstgeschichte</subfield>
   <subfield code="k">Allgemeines. Allgemeine Kunstgeschichte</subfield>
   <subfield code="k">Kunstgeschichte einzelner Gattungen der Kunst</subfield>
   <subfield code="k">Ikonographie, Ikonologie</subfield>
   <subfield code="k">Ikonographie der Mythologie</subfield>
   <subfield code="k">Griechisch-römische Mythologie</subfield>
   <subfield code="k">Einzelfragen</subfield>
   <subfield code="0">(DE-627)127111965X</subfield>
   <subfield code="0">(DE-625)rvk/95164:</subfield>
   <subfield code="0">(DE-576)20111965X</subfield>
  </datafield>
  <datafield tag="936" ind1="r" ind2="v">
   <subfield code="a">GK 4211</subfield>
   <subfield code="b">Philosophie. Weltanschauung. Naturanschauung. Religion</subfield>
   <subfield code="k">Germanistik. Niederlandistik. Skandinavistik</subfield>
   <subfield code="k">Deutsche Literatur</subfield>
   <subfield code="k">Romantik</subfield>
   <subfield code="k">Literaturgeschichte</subfield>
   <subfield code="k">Einzelne Autoren der Goethezeit</subfield>
   <subfield code="k">Autoren G</subfield>
   <subfield code="k">Goethe, Johann Wolfgang von</subfield>
   <subfield code="k">Sekundärliteratur</subfield>
   <subfield code="k">Leben und Persönlichkeit</subfield>
   <subfield code="k">Geistige Welt</subfield>
   <subfield code="k">Philosophie. Weltanschauung. Naturanschauung. Religion</subfield>
   <subfield code="0">(DE-627)1270636898</subfield>
   <subfield code="0">(DE-625)rvk/41011:</subfield>
   <subfield code="0">(DE-576)200636898</subfield>
  </datafield>
  <datafield tag="936" ind1="r" ind2="v">
   <subfield code="a">GK 4351</subfield>
   <subfield code="b">Nachwelt</subfield>
   <subfield code="k">Germanistik. Niederlandistik. Skandinavistik</subfield>
   <subfield code="k">Deutsche Literatur</subfield>
   <subfield code="k">Romantik</subfield>
   <subfield code="k">Literaturgeschichte</subfield>
   <subfield code="k">Einzelne Autoren der Goethezeit</subfield>
   <subfield code="k">Autoren G</subfield>
   <subfield code="k">Goethe, Johann Wolfgang von</subfield>
   <subfield code="k">Sekundärliteratur</subfield>
   <subfield code="k">Leben und Persönlichkeit</subfield>
   <subfield code="k">Geistige Welt</subfield>
   <subfield code="k">Wirkung auf Zeitgenossen, Umwelt und Nachwelt. Goethe-Rezeption allgemein</subfield>
   <subfield code="k">Nachwelt</subfield>
   <subfield code="0">(DE-627)127089434X</subfield>
   <subfield code="0">(DE-625)rvk/41018:</subfield>
   <subfield code="0">(DE-576)20089434X</subfield>
  </datafield>
  <datafield tag="936" ind1="r" ind2="v">
   <subfield code="a">LK 10100</subfield>
   <subfield code="b">Theorie, Ästhetik, Psychologie (nur bei eindeutigem Bezug auf die deutsche Kunst)</subfield>
   <subfield code="k">Kunstgeschichte</subfield>
   <subfield code="k">Kunst nach Ländern bzw. Kontinenten</subfield>
   <subfield code="k">Deutschland</subfield>
   <subfield code="k">Kunstgeschichte Deutschlands</subfield>
   <subfield code="k">Theorie, Ästhetik, Psychologie (nur bei eindeutigem Bezug auf die deutsche Kunst)</subfield>
   <subfield code="0">(DE-627)1271167018</subfield>
   <subfield code="0">(DE-625)rvk/97480:</subfield>
   <subfield code="0">(DE-576)201167018</subfield>
  </datafield>
  <datafield tag="936" ind1="r" ind2="v">
   <subfield code="a">DP 6600</subfield>
   <subfield code="b">Allgemeines</subfield>
   <subfield code="k">Pädagogik</subfield>
   <subfield code="k">Didaktik und Methodik des Unterrichts</subfield>
   <subfield code="k">Didaktik einzelner Sachgebiete und Themen</subfield>
   <subfield code="k">Fächerübergreifende Unterrichtsgebiete</subfield>
   <subfield code="k">Musische Erziehung</subfield>
   <subfield code="k">Allgemeines</subfield>
   <subfield code="0">(DE-627)127078370X</subfield>
   <subfield code="0">(DE-625)rvk/19862:12010</subfield>
   <subfield code="0">(DE-576)20078370X</subfield>
  </datafield>
  <datafield tag="936" ind1="r" ind2="v">
   <subfield code="a">LH 61100</subfield>
   <subfield code="b">Beziehungen der Kunst zu anderen Gebieten (z.B. Kunst und Religion, Kunst und Moral)</subfield>
   <subfield code="k">Kunstgeschichte</subfield>
   <subfield code="k">Allgemeines. Allgemeine Kunstgeschichte</subfield>
   <subfield code="k">Theorie und Praxis der Bildenden Kunst</subfield>
   <subfield code="k">Theorie der Bildenden Kunst</subfield>
   <subfield code="k">Beziehungen der Kunst zu anderen Gebieten (z.B. Kunst und Religion, Kunst und Moral)</subfield>
   <subfield code="0">(DE-627)1270641689</subfield>
   <subfield code="0">(DE-625)rvk/94210:</subfield>
   <subfield code="0">(DE-576)200641689</subfield>
  </datafield>
  <datafield tag="951" ind1=" " ind2=" ">
   <subfield code="a">MC</subfield>
  </datafield>
  <datafield tag="990" ind1=" " ind2=" ">
   <subfield code="a">Metamorphose</subfield>
  </datafield>
  <datafield tag="990" ind1=" " ind2=" ">
   <subfield code="a">Kunst</subfield>
  </datafield>
  <datafield tag="990" ind1=" " ind2=" ">
   <subfield code="a">Geschichte 1800-1980</subfield>
  </datafield>
  <datafield tag="991" ind1=" " ind2=" ">
   <subfield code="a">Rezensiertes Werk</subfield>
  </datafield>
  <datafield tag="999" ind1=" " ind2=" ">
   <subfield code="a">KXP-PPN1091365628</subfield>
   <subfield code="e">4255152128</subfield>
  </datafield>
 </record>
</collection>
